000 00613nam a2200229Ia 4500
003 OSt
005 20220928114141.0
006 a|||||r|||| 00| 0
007 ta
008 220927b |||||||| |||| 00| 0 eng d
024 _a26843
037 _cTextual
040 _aSDCL
_cSDCL
_beng
041 _2eng
_aeng
082 _aX:8NobNA, M0
100 _aJones Gerre
_9437181
245 0 _aPublic relations for the design professional
260 _aNew York
_b McGraw-Hill
_c1980
300 _aviii,278p
_ccm.
942 _hX:8NobNA, M0
_cTEXL
_2CC
999 _c753154
_d753154